00851cam a2200241 i 4500001000300000003000900003005001700012008003900029015001700068040003500085080001600120080001200136100004700148245004400195260004800239300005500287504003100342521006100373655003000434650002900464650001800493856009800511bgKOSZ 00520200416124259.0981103s1978 pl a f f |001 0 pol aPB 1986/5537 aWA NcKOSZ 005/HRdKOSZ 005/HR a621.1:536.7 a(075.8)1 aStaniszewski, Bogumiłd(1924-1995)eAutor10aTermodynamika /cBogumił Staniszewski. aWarszawa :bPańst. Wydaw. Naukowe,c1978. a455, [1] s., [1] k. tabl. :brys., wykr. ;c25 cm. aBibliogr. s. 458.- Indeks. aPodręcznik dla wydziałów mechanicznych politechnik. 4aPodręczniki akademickie 4aTermodynamika techniczna 4aTermodynamika uhttp://koha.tu.koszalin.pl/cgi-bin/koha/opac-detail.pl?biblionumber=24638yKatalog online BPK